00531nam a2200181Ia 4500008004100000040001900041041001200060082002200072100002200094245009400116250001200210260003200222300002500254504001900279650001400298651002700312850001000339131103s9999 xx 000 0 und d aLoreto College aEnglish a370.15/McDbLCLIB aMcDougall,William aCharacter and the conduct of lifeb practical psychology for everyman cWilliam McDougall a9th ed. aLondonbMethuen & Co.c1949 axiii,287 p. c 9 cm. aIncludes index aEducation aEducational Psychology aLCLIB